| 000 | 01103namaa2200301 i 4500 | ||
|---|---|---|---|
| 003 | EG-GICUC | ||
| 005 | 20260309113702.0 | ||
| 008 | 260309s2000 jo ||||gr|||| 000 0 ara d | ||
| 040 |
_aEG-GiCUC _bara _cEG-GiCUC _dEG-GiCUC _erda |
||
| 082 | 0 | 4 |
_221 _a250 _bT2478b |
| 092 | 0 | 4 |
_221 _a250 _bT2478b |
| 099 | _a250 T2478b | ||
| 100 | 1 |
_aالبدوي، يوسف أحمد محمد. _eمؤلف. |
|
| 245 | 1 | 0 |
_aمقاصد الشريعة عند ابن تيمية / _cيوسف أحمد محمد البدوي. |
| 250 | _aالطبعة الأولى. | ||
| 264 |
_aالأردن : _bدار النفائس، _c2000. |
||
| 300 |
_a607 صفحة ؛ _c24 سم |
||
| 336 |
_2rdacontent _atext |
||
| 337 |
_2rdamedia _aUnmediated |
||
| 338 |
_2rdacarrier _avolume |
||
| 504 | _a594-575 ببليوجرافيا: صفحات. | ||
| 541 |
_aد. جابر عصفور ؛ _bالقاهرة ؛ _cإهداء ؛ _d2024. |
||
| 600 | 1 | 0 |
_aابن تيمية، أحمد بن عبد الحليم، _d1263-1328 _94290 |
| 650 | 1 |
_aالفقة الإسلامي. _2qrmak |
|
| 651 | 1 | _2qrmak | |
| 905 | _aAsmaa | ||
| 942 |
_2ddc _cBK _e21 _n0 |
||
| 999 |
_c178955 _d178955 |
||